MARC

LEADER 00000nam0a2200000 4500
001 306656
005 20231102001921.0
020 |a RU  |b 83-55256 
035 |a (RuTPU)RU\TPU\book\331933 
090 |a 306656 
100 |a 20151009d1983 km y0rusy5003 ca 
101 0 |a rus 
102 |a RU 
105 |a a z 001zy 
200 1 |a Художники Якутии  |f И. А. Потапов 
210 |a Ленинград  |c Художник РСФСР  |d 1983 
215 |a 200 с.  |c ил., цв. ил. 
320 |a Список иллюстраций: с. 197-199 
606 1 |a Искусство, современные направления  |x История  |z 19 в.  |z 20 в.  |2 stltpush  |3 (RuTPU)RU\TPU\subj\73445  |9 86446 
610 1 |a Якутия 
610 1 |a изобразительное искусство 
610 1 |a живопись 
610 1 |a графика 
610 1 |a скульптура 
610 1 |a декоративно-прикладное искусство 
610 1 |a художники 
675 |a 7.036  |z rus  |v 3 
700 1 |a Потапов  |b И. А.  |g Иннокентий Афанасьевич  |4 070 
801 0 |a RU  |b RuMRKP  |c 19950704  |g psbo 
801 1 |a RU  |b 63413507  |c 20151009 
801 2 |a RU  |b 63413507  |c 20190711  |g RCR 
942 |c BK